000 00488nam a22001697a 4500
999 _c41279
_d41279
003 OSt
005 20210412150134.0
008 210412b ||||| |||| 00| 0 eng d
020 _a8172049803
040 _coclc
082 _a297
_bNAD/R
100 _91966
_aNadvi, Abul Hasan Ali
245 _aRoopavum Yadharthyavum/
_cAbul Hasan Ali Nadvi
260 _aKozhikode:
_b Islamic Publishing House
300 _a19 pages
942 _2ddc
_cBK
_h297
_iNAD/R
_k297
_mNAD/R